00749nam a2200157 a 450000100100000000500170001000800410002702000150006804000250008324501460010826001460025430000280040070000400042895201060046899900170057400003780620201002031121.0130306s1986 000 spa d a8400061128 aDO-SdBNPbspacBNPHU10aHistoria y futuro de la ciudad Iberoamericana :bun curso en la universidad internacional Menéndez Pelayo /cFrancisco de Solano Coordidor. aMadrid :bConsejo Superior de Investigaciónes Cientificas, Centro de Estudios Historicos. Universidad Internacional Menendez Pelayo,c1986. a183 p. :bil. ;c21 cm.1 aSolano, Francisco, deecoor.964253 0010507-18MOaGRbGRcOId2013-03-06iLF1l0o p37806-10r2020-06-25w2020-06-25y1ZNo se presta c37296d37296